Photodynamic therapy and fluorescence diagnosis of non-melanoma skin cancer

Elmentve itt :
Bibliográfiai részletek
Szerző: Gaál Magdolna
További közreműködők: Gyulai Rolland (Témavezető)
Dokumentumtípus: Disszertáció
Megjelent: 2012-10-03
Tárgyszavak:
doi:10.14232/phd.1601

mtmt:2407407
Online Access:http://doktori.ek.szte.hu/1601
LEADER 00810nta a2200205 i 4500
001 dokt1601
005 20170613144420.0
008 120926s2012 hu om 0|| eng d
024 7 |a 10.14232/phd.1601  |2 doi 
024 7 |a 2407407  |2 mtmt 
040 |a SZTE Doktori Repozitórium  |b hun 
041 |a eng 
100 1 |a Gaál Magdolna 
245 1 0 |a Photodynamic therapy and fluorescence diagnosis of non-melanoma skin cancer  |h [elektronikus dokumentum] /  |c  Gaál Magdolna 
260 |c 2012-10-03 
502 |a Disszertacio 
650 4 |a klinikai orvostudományok 
700 1 |a Gyulai Rolland  |e ths 
856 4 0 |u https://doktori.bibl.u-szeged.hu/id/eprint/1601/1/GaalMagdolnaPhDDissertation.pdf  |z Dokumentum-elérés  
856 4 0 |u https://doktori.bibl.u-szeged.hu/id/eprint/1601/2/GaalMagdolnaPhDthesisEnglish.pdf  |z Dokumentum-elérés